| 000 | 01227cam a22003497a 4500 | ||
|---|---|---|---|
| 003 | CHAP | ||
| 005 | 20220329143024.0 | ||
| 008 | 050829d2004 mx a r 00110 spa d | ||
| 010 | _a90810 | ||
| 011 | _a91782 | ||
| 020 | _a9707290684 | ||
| 035 | _a102345 | ||
| 040 | _cCHAP | ||
| 082 | 0 | 4 |
_a612 _bG35Y 2003 |
| 100 | 0 | 0 |
_aGanong, William F. _945561 |
| 245 | 1 | 0 |
_aFisiología médica _c/por William F. Ganong |
| 260 |
_aMéxico, D. F. : _bEl manual moderno, _c2004. |
||
| 300 |
_a914 p. : _bilus. |
||
| 500 | _aTrad. de : Medical physiology. 21 ed., 2003. | ||
| 590 |
_aBATCH-UPD _b10 _c20130110 _lUCH01 _h0321 |
||
| 590 |
_aBATCH-UPD _b10 _c20130110 _lUCH01 _h2041 |
||
| 590 |
_aBATCH-UPD _b10 _c20130409 _lUCH01 _h2354 |
||
| 590 |
_aBATCH-UPD _b10 _c20130914 _lUCH01 _h1417 |
||
| 590 |
_aCONVERSION _b10 _c20130109 _lUCH01 _h1350 |
||
| 650 | 1 | 4 |
_aFisiología. _941127 |
| 901 | _aBK | ||
| 905 | _aLilia | ||
| 942 | _cLIBRO | ||
| 949 |
_a612 G35Y 2003 _bBC _cLIBRO _d33724000978193 _eLIBRO _gI.c/e _h106632 _i102345 _si _t$525.00 |
||
| 949 |
_a612 G35Y 2003 _bBC _cLIBRO _d33724000978268 _eLIBRO _fc.3 _gI.c/e _h106634 _i102345 _so _t$525.00 |
||
| 949 |
_a612 G35Y 2003 _bBC _cLIBRO _d33724000978276 _eLIBRO _fc.2 _gI.c/e _h106633 _i102345 _si _t$525.00 |
||
| 999 |
_c90810 _d90810 |
||